000
00311nam 22001333 4500
001
202558
090
_a
202558
100
_a
20260615d u||y0pory50 ba
200
_a
A taste of Ireland(Cd áudio)
_f
Pat Boone
210
_c
Emporio
_d
1996
215
_c
2 cd áudio
675
_a
78
801
_a
PT
_b
BMMN
_g
RPC
990
_c
CD MUSICA